| 000 | 01570nam a22004217a 4500 | ||
|---|---|---|---|
| 003 | CHAP | ||
| 005 | 20220329143436.0 | ||
| 008 | 090831s2009 mx r 00010 spa d | ||
| 010 | _a96663 | ||
| 011 | _a97635 | ||
| 035 | _a108305 | ||
| 040 | _cCHAP | ||
| 090 | _aTesis | ||
| 100 | 0 | 0 |
_aNúñez López, Verónica. _981953 |
| 245 | 1 | 0 |
_aFisiología poscosecha de Ocimum basilicum L. ,Mentha piperita L. y Salvia officinalis L. _c/por Verónica Núñez López |
| 260 |
_aChapingo, Méx. : _bEl autor, _c2009 |
||
| 300 |
_aix, 70 h. : _bcuadros, gráfs. |
||
| 502 | _aTesis (M.C. en Horticultura) -- UACH. Departamento de Fitotecnia | ||
| 530 | _aTambién disponible en línea | ||
| 590 |
_aALEPH _b10 _c20130110 _lUCH01 _h1530 |
||
| 590 |
_aBATCH-UPD _b10 _c20130110 _lUCH01 _h0921 |
||
| 590 |
_aBATCH-UPD _b10 _c20130410 _lUCH01 _h0543 |
||
| 590 |
_aBATCH-UPD _b10 _c20130914 _lUCH01 _h1415 |
||
| 590 |
_aBATCH-UPD _b10 _c20140324 _lUCH01 _h1512 |
||
| 590 |
_aBATCH-UPD _b10 _c20141002 _lUCH01 _h0840 |
||
| 590 |
_aCONVERSION _b10 _c20130109 _lUCH01 _h1353 |
||
| 650 | 1 | 4 |
_aFisiología postcosecha. _941135 |
| 650 | 1 | 4 |
_aMentha piperita. _974848 |
| 650 | 1 | 4 |
_aOcimum basilicum. _982715 |
| 650 | 1 | 4 |
_aPlantas aromáticas. _988900 |
| 650 | 1 | 4 |
_aSalvia officinalis. _9101875 |
| 856 |
_3Finding aid _uhttp://10.13.5.2/tesis/108305.pdf _zTeclea aqui |
||
| 901 | _aBK | ||
| 911 | _aen proceso | ||
| 942 | _cFOLL | ||
| 949 |
_aTesis _bBC _cTES _d33724002106678 _eTS1 _gDonaciØn _h49478 _i108305 _sb |
||
| 949 |
_aTesis _bBC _cTES _d33724002106710 _eTS2 _fc.2 _gDonaciØn _h49479 _i108305 _si |
||
| 999 |
_c96663 _d96663 |
||